| 000 | 00609nam a2200217Ia 4500 | ||
|---|---|---|---|
| 003 | OSt | ||
| 005 | 20220928121357.0 | ||
| 006 | a|||||r|||| 00| 0 | ||
| 007 | ta | ||
| 008 | 220927b |||||||| |||| 00| 0 eng d | ||
| 024 | _a112052 | ||
| 037 | _cReference Collections | ||
| 040 |
_aSDCL _cSDCL _beng |
||
| 041 |
_2eng _aeng |
||
| 082 | _aZ26N7, L4 RR | ||
| 245 | 0 | _aINDEX CENTRAL acts ordinances and regulations, 1960-1971. | |
| 260 |
_aNew Delhi _bMinistry Of Labour _c1974 |
||
| 300 |
_axii,76p _ccm. |
||
| 942 |
_hZ26N7, L4 RR _cREF _2CC |
||
| 999 |
_c765757 _d765757 |
||